| 000 | 01634nam a22002417a 4500 | ||
|---|---|---|---|
| 003 | DO-SdBJH | ||
| 005 | 20230705181649.0 | ||
| 008 | 230705b |||||||| |||| 00| 0 spa d | ||
| 040 |
_aDO-SdBJH _bspa _cDO-SdBJH |
||
| 090 |
_aTG EGCEMC _b01961 2021 |
||
| 100 | 1 |
_aJiménez Gómez, Alexander _esustentante |
|
| 245 | 1 | 0 |
_aParticipación política de las Fuerzas Armadas en América Latina y su impacto en la democracia. Caso de estudio: República Dominicana 2015-2020 / _c Alexander Jiménez Gómez, Richard Efreén Pichardo paulino, asesores Rudyard Fernández Abud, Rocío C. Santana González |
| 260 |
_aSanto Domingo : _bINSUDE, _c2021 |
||
| 300 | _aiii, 86 páginas | ||
| 502 | _aTesis (Especialidad en Comando y Estado Mayor Conjunto). -- Instituto Superior para la Defensa (INSUDE). Escuela de Graduados en Comando y Estado Mayor “General de División Gregorio Luperón”, 2021. | ||
| 504 | _aIncluye referencias bibliográficas e índices | ||
| 505 | _aAntecedentes de las Fuerzas Armadas Latinoamericanas. -- Incidencia de las Fuerzas Armadas en la democracia de América Latina. -- Participación política de las Fuerzas Armadas en América Latina. -- Impacto de la participación política de las Fuerzas Armadas de República Dominicana en la democracia, periodo 2015-2020 | ||
| 700 | 1 |
_aPichardo paulino, Richard Efreén _esustentante |
|
| 700 | 1 |
_aFernández Abud, Rudyard _easesor |
|
| 700 | 1 |
_aSantana González, Rocío C. _easesor |
|
| 830 | _aINSUDE. Escuela de Graduados en Comando y Estado Mayor “General de División Gregorio Luperón”. Tesis y disertaciones académicas | ||
| 942 |
_2CL _cT |
||
| 999 |
_c7521 _d7521 |
||